000 00645nam a2200217 a 4500
005 20140310183357.0
008 120927s19uu xx 00 eng d
020 _a0600610896
050 _aRA 781.7
_b.L222 2005
100 _aLambert, Mary
245 _aNatural highs for body and soul :
_b70 instant energizers to banish everyday energy lows /
_cMary Lambert.
260 _aLondon, UK :
_bHamlyn,
_c2005.
300 _a144 p. :
_bcol. ill. ;
_c21 cm.
500 _aIncludes index
521 _aNUR
650 _aMind and body therapies
650 _aVitality
650 _aSelf-care, Health
942 _cBK
_2lcc
_kFOR
999 _c22246
_d22246